000 00723nam a2200181Ia 4500
008 100921s9999 xx 000 0 und d
082 _b36926
_a796 न 03
100 _aकहाळेकर शंभूनाथ.
245 _aघर पहावं बांधून.
260 _bमनोविकास प्रकाशन, म्ंाुबई.
_c2003
300 _a185
_bजयेश एजन्सी,पुणे.
365 _b140
520 _aकला-वास्तुशिल्पकला.
630 _aघर पहावं बांधून.
650 _aकला-वास्तुशिल्पकला.
730 _aघर पहावं बांधून.
942 _cBOOK
999 _c786039
_d786036